Normal view
MARC view
- John J. Shaughnessy, Eugene B. Zechmeister, Jeamme S. Zechmeister
Entry Personal Name
001 - CONTROL NUMBER
- control field: 128947
003 - CONTROL NUMBER IDENTIFIER
- control field: NUST
005 - DATE AND TIME OF LATEST TRANSACTION
- control field: 20250514115708.0
008 - FIXED-LENGTH DATA ELEMENTS
- fixed length control field: 250514|| aca||aabn | a|a d
040 ## - CATALOGING SOURCE
- Original cataloging agency: NUST
- Transcribing agency: NUST
100 ## - HEADING--PERSONAL NAME
- Personal name: John J. Shaughnessy, Eugene B. Zechmeister, Jeamme S. Zechmeister
670 ## - SOURCE DATA FOUND
- Source citation: Work cat.: (NUST)562183: John J. Shaughnessy, Eugene B. Zechmeister, Jeamme S. Zechmeister, RESEARCH METHODS IN PSYCHOLOGY /, 2000
